Dodržiavanie zásad systematického riadenia ako východisko pre úspešnú realizáciu projektov

Neúspech projektu a faktory neúspechu. Zásady systematického projektového riadenia. Riadenie projektu. Kompetencie a tolerancie. Plánovanie. Riadenie zmien a riadenie rizika.

Saved in:
Bibliographic Details
Main Author: Miklošík, Andrej
Other Authors: Borguľa, Matúš
Format: Book Chapter
Language:Slovak
Subjects:
Tags: Add Tag
No Tags, Be the first to tag this record!

MARC

LEADER 00000nla a2200000 4500
001 0179896
005 20240502073046.0
041 0 |a slo 
044 |a SK 
245 1 0 |a Dodržiavanie zásad systematického riadenia ako východisko pre úspešnú realizáciu projektov  |c Andrej Miklošík, Matúš Borguľa 
520 |a Neúspech projektu a faktory neúspechu. Zásady systematického projektového riadenia. Riadenie projektu. Kompetencie a tolerancie. Plánovanie. Riadenie zmien a riadenie rizika. 
610 2 0 |a projekty 
610 2 0 |a riadenie projektové 
610 2 0 |a riadenie rizík 
610 2 0 |a plánovanie 
100 1 |a Miklošík, Andrej 
700 1 |a Borguľa, Matúš